[Event "Yingmei CHN-chT 2018"]
[Site "Guangdong"]
[Date "2018.11.27"]
[Round "19"]
[White "Jakovenko, Dmitry"]
[Black "Liu, Qingnan"]
[Result "1/2-1/2"]
[WhiteElo "2752"]
[BlackElo "2534"]
[Annotator "TA"]
[PlyCount "75"]
[EventDate "2018.07.09"]
[EventType "team-tourn"]
[EventCountry "CHN"]
[SourceTitle "playchess.com"]
[Source "ChessBase"]
[SourceQuality "1"]

{[%evp 13,75,28,48,48,48,48,48,48,46,42,49,42,44,43,53,51,46,43,43,43,41,29,40,34,40,27,14,6,18,10,20,0,0,-11,-3,-3,-3,-3,-3,-3,0,0,0,0,0,0,0,0,0,0,0,0,0,0,18,0,19,0,9,0,0,0,0,0]} 1. d4 Nf6 2. c4 e6 3. Nc3 d5 4. cxd5 exd5 5. Bg5 c6 6. e3 Bf5 7. Qf3 Be6 8. Bxf6 {D35: Queen's Gambit Declined: Exchange Variation} Qxf6 9. Qxf6 gxf6 10. Bd3 {White is slightly better.} Nd7 11. Nge2 {[%cal Bg1e2,Be2f4,Bf4d3,Bd3c5][%mdl 32]} Nb6 12. Nf4 h5 $146 ({Predecessor:} 12... Nc8 13. f3 h5 14. h4 Bd6 15. Nce2 Bd7 {1-0 (54) Giri,A (2762)-Zvjaginsev,V (2643) Antalya 2017}) 13. h4 Bd6 14. Nce2 Nc8 15. Bc2 Ne7 16. Nd3 Bf5 17. Rc1 O-O-O 18. Nc5 Bg4 19. b4 b6 20. Nd3 {The position is equal.} Bf5 (20... Kb7 {seems wilder.} 21. Kd2 Ra8 22. Ba4 b5 23. Bb3 a5) 21. Nef4 Ng6 22. Nxg6 fxg6 23. Rb1 Be4 24. f3 Bxd3 25. Bxd3 f5 26. Kf2 Kd7 27. Rhc1 Rhf8 28. Rc3 Rc8 29. a4 Rc7 30. Be2 c5 31. bxc5 bxc5 32. dxc5 Bxc5 33. f4 d4 34. Rd3 Re8 {[%cal Re8e3]} 35. Rbd1 Bb6 36. a5 Bxa5 37. Rxd4+ Ke6 38. Rd5 {Accuracy: White = 61%, Black = 67%.} 1/2-1/2

[Event "Yingmei CHN-chT 2018"]
[Site "Guangdong"]
[Date "2018.11.27"]
[Round "19"]
[White "Harikrishna, P.."]
[Black "Liang, Jinrong"]
[Result "1-0"]
[WhiteElo "2729"]
[BlackElo "2452"]
[Annotator "TA"]
[PlyCount "65"]
[EventDate "2018.07.09"]
[EventType "team-tourn"]
[EventCountry "CHN"]
[SourceTitle "playchess.com"]
[Source "ChessBase"]
[SourceQuality "1"]

{[%evp 25,65,9,64,27,25,25,61,75,72,51,75,66,59,69,75,75,81,76,170,139,374,368,347,384,345,339,445,445,514,517,773,740,1509,1474,2158,2175,2100,1727,29990,29991,29990,672]} 1. e4 c5 2. Nf3 e6 3. d4 cxd4 4. Nxd4 Nc6 5. Nc3 Qc7 6. Be2 a6 7. O-O Nf6 8. Be3 Be7 9. f4 d6 10. Kh1 Bd7 {[%cal Bc8d7,Bd7c6,Bc6e4][%mdl 32]} 11. Qe1 b5 12. a3 O-O 13. Qg3 b4 {LiveBook: 5 Games. B85: Sicilian Scheveningen: 6 Be2 a6, lines with early Be3} (13... Nxd4 $11 14. Bxd4 Bc6) (13... Rab8 14. e5 dxe5 15. Nxc6 Bxc6 16. fxe5 Ne4 17. Nxe4 Bxe4 18. c3 f5 19. exf6 Qxg3 20. f7+ Rxf7 21. hxg3 Bd5 {½-½ (30) Ma,Q (2645)-Gareyev,T (2592) Surakarta 2018}) 14. Nxc6 $146 ({Predecessor:} 14. axb4 Nxb4 15. Bd3 Nxd3 16. cxd3 Qb7 17. Rf2 d5 18. e5 Ne8 19. f5 exf5 20. Raf1 g6 21. Nxf5 Bxf5 22. Rxf5 {1-0 (54) Roa Alonso,S (2355)-Candela Perez,J (2353) Madrid 2018}) 14... Bxc6 15. axb4 Nxe4 {White has an edge.} 16. Nxe4 Bxe4 17. c3 $40 {[%mdl 128] White attacks.} ({Not} 17. Rxa6 Qxc2 18. Rxa8 Rxa8 $17) 17... a5 18. Bd4 {[%csl Gd4][%cal Rg3g7] [#]} g6 19. b5 d5 20. Qe3 Qb7 21. Ra4 Bd8 (21... Bd6 $16) 22. Rfa1 $18 Rb8 $2 (22... Rc8 $16 23. h3 Re8) 23. b4 axb4 24. Ra7 ({Worse is} 24. Rxb4 Bb6 $14) 24... Qc8 25. cxb4 Rb7 26. b6 f6 27. Bc5 Rff7 28. Ba6 e5 29. Bxb7 Rxb7 30. Rxb7 {White wants to mate with Raa7.} Qxb7 31. Qh3 {Intending Ra7 and mate.} Qc6 32. Ra7 {[%csl Ga7][%cal Rh3h7]} h5 33. Qd7 {Accuracy: White = 81%, Black =  7%.} (33. b7 $142 Bf5 34. b8=Q {[%mdl 64] Double Attack} Qe8 35. Qb3 Be6 36. Qa4 Qf7 37. Rxf7 Bxf7 38. Qxd8+ {[%mdl 64] Double Attack} Kh7 39. Qxf6 {[%mdl 64] Double Attack} Kg8 {[#]} 40. Bf8 $1 {[%mdl 576] Decoy, Back Rank} Kxf8 41. Qa8#) 1-0

[Event "Yingmei CHN-chT 2018"]
[Site "Guangdong"]
[Date "2018.11.27"]
[Round "19"]
[White "Vallejo Pons, Francisco"]
[Black "Xiang, Zeyu"]
[Result "1-0"]
[WhiteElo "2713"]
[BlackElo "2409"]
[Annotator "TA"]
[PlyCount "141"]
[EventDate "2018.07.09"]
[EventType "team-tourn"]
[EventCountry "CHN"]
[SourceTitle "playchess.com"]
[Source "ChessBase"]
[SourceQuality "1"]

{[%evp 17,141,0,17,7,10,0,12,5,17,7,3,0,20,0,47,49,45,51,62,46,63,63,50,54,58,39,63,50,108,63,63,64,66,61,218,224,246,142,145,124,172,130,124,127,145,108,145,145,148,148,138,51,61,76,79,77,110,64,162,149,158,158,152,151,152,118,118,66,66,66,66,66,66,73,83,83,90,90,556,556,556,551,524,494,347,374,486,458,327,9,62,16,62,0,0,0,0,0,0,0,61,68,76,69,29976,29977,29977,29978,29980,29981,29983,29979,29978,29979,29984,29984,29984,29978,29976,29964,29984,29985,29985,29986,29986,29987]} 1. Nf3 d5 2. g3 g6 3. c4 c6 4. d4 Bg7 5. Nbd2 Nf6 6. Bg2 O-O 7. O-O Ne4 8. e3 Bf5 9. Qb3 Qb6 {LiveBook: 4 Games} 10. Nh4 {D78: Fianchetto Grünfeld: 6 0-0 c6} (10. h3 Nd7 11. cxd5 Qxb3 12. axb3 cxd5 13. g4 Nxd2 14. Bxd2 Bd3 15. Rfc1 Bb5 16. Bf1 Bxf1 17. Kxf1 Rfd8 {1-0 (31) Rakhmanov,A (2670)-Kassimov,B (2373) Astana 2017}) 10... Nxd2 11. Bxd2 dxc4 $146 ({Predecessor:} 11... Be6 12. cxd5 Qxb3 13. axb3 Bxd5 14. Bxd5 cxd5 15. b4 Rc8 16. Rfc1 Rxc1+ 17. Rxc1 Nc6 {1-0 (51) Gabuzyan,H (2540)-Beradze,I (2319) Budva 2013}) 12. Qxc4 {The position is equal.} Be6 13. Qc2 Na6 14. Rfd1 Rac8 15. Bc3 Bd5 16. e4 Be6 17. Qd2 Bg4 18. Re1 Qd8 19. h3 Be6 20. f4 Nc7 21. a4 Qd7 22. Kh2 Rcd8 (22... f5 $14) 23. Nf3 f5 24. exf5 Rxf5 25. Qe3 h6 $2 ({Black should try} 25... Rf6 $14) 26. Nh4 $1 $18 Rh5 27. Bf3 (27. Nxg6 Bxh3 28. Nxe7+ Kf7 $14) ({Better is} 27. d5 $1 $18 {[%cal Rd5e6]} Bxd5 28. Rad1 (28. Qxe7 Bxc3 29. bxc3 Bxg2 $11) (28. Bxg7 Bxg2 29. Kxg2 Kxg7 $14)) 27... Rxh4 28. gxh4 Rf8 29. Rg1 Bf5 30. h5 Qd6 31. d5 Bxc3 32. bxc3 Nxd5 33. Bxd5+ cxd5 34. Qe5 (34. Raf1 $16) 34... Qxe5 $14 35. fxe5 {[%mdl 4096] Endgame KRR-KRB} Rc8 36. Rg3 Rc4 37. Rd1 e6 (37... g5 $14) 38. Rd4 $1 $18 ({Worse is} 38. hxg6 Rxa4 39. Rd4 Ra2+ 40. Kg1 Kg7 $11) 38... Rc5 39. hxg6 Kg7 40. Rf4 a5 41. h4 h5 42. Rg5 (42. Kg2 $16) 42... Rxc3 $14 43. Rxh5 Kxg6 44. Rg5+ Kh6 45. Rg3 Rc6 46. Rb3 b6 47. Kg3 Kh5 $2 {[%mdl 8192] [#]} (47... Kg6 $16) 48. Rxf5+ $1 $18 exf5 {KR-KR} 49. Kf4 Kg6 {[#]} 50. h5+ $1 {[%mdl 512]} Kf7 (50... Kxh5 51. Kxf5) 51. Kxf5 d4 52. Ke4 Rc4 {[#]} 53. Rxb6 $2 (53. Rf3+ $1 $18 Ke7 54. h6 d3+ 55. Ke3 (55. Kxd3 Rxa4 56. Rf6 Rh4 $14)) 53... Rxa4 (53... d3+ $11 54. Kf5 (54. Kxd3 Rxa4 55. Rf6+ Ke8 $14) 54... Rd4 55. Rb7+ Kg8) 54. Kf5 d3 $1 55. Rd6 (55. Rf6+ $14 Ke7 56. Rd6) 55... Rh4 $11 56. Kg5 Re4 57. Kf5 Rh4 58. h6 {[%cal Bh5h6,Bh6h7][%mdl 32]} Ke7 ({Black should play} 58... Rh5+ $11 59. Ke4 Ke7) 59. Kg6 $14 Rh3 60. h7 {Hoping for Rxd3!} a4 $2 {[%mdl 8192] [#]} (60... Rg3+ $14 61. Kh6 Rh3+ 62. Kg7 Rg3+ 63. Kh6 Rh3+ 64. Kg7 Rg3+ 65. Rg6 Rxg6+ 66. Kxg6 d2) 61. Rxd3 $1 {[%mdl 512] White mates.} Rh1 (61... Rxd3 62. h8=Q) 62. Rg3 Kf8 63. e6 Rh2 64. Rg4 a3 65. Ra4 Rg2+ 66. Kf6 {[%cal Ra4a8]} Rf2+ 67. Ke5 Re2+ 68. Kf5 Rf2+ 69. Kg5 Rg2+ 70. Rg4 Rh2 71. Rh4 {Accuracy: White = 64%, Black = 44%.} 1-0

[Event "Yingmei CHN-chT 2018"]
[Site "Guangdong"]
[Date "2018.11.27"]
[Round "19"]
[White "Bu, Xiangzhi"]
[Black "Zeng, Chongsheng"]
[Result "1-0"]
[WhiteElo "2712"]
[BlackElo "2535"]
[Annotator "TA"]
[PlyCount "85"]
[EventDate "2018.07.09"]
[EventType "team-tourn"]
[EventCountry "CHN"]
[SourceTitle "playchess.com"]
[Source "ChessBase"]
[SourceQuality "1"]

{[%evp 17,85,49,67,39,63,49,38,36,37,33,39,37,70,32,70,68,83,61,123,119,149,158,150,151,159,142,183,171,182,181,204,161,170,158,160,154,159,159,168,163,224,193,173,163,169,162,207,204,367,359,576,582,591,579,691,625,776,762,864,858,928,904,1791,1643,1253,1288,5325,922,5181,5181]} 1. Nf3 Nf6 2. c4 g6 3. Nc3 d5 4. cxd5 Nxd5 5. h4 h6 6. e4 {A16: English Opening: 1...Nf6 with ...d5} (6. d3 Bg7 7. Bd2 c5 8. g3 Nc6 9. Bg2 e6 10. O-O b6 11. Nxd5 exd5 12. Bc3 O-O 13. Bxg7 Kxg7 {½-½ (31) Wang,Y (2726)-Zeng,C (2541) China 2015}) 6... Nxc3 7. dxc3 Qxd1+ 8. Kxd1 Nd7 9. Bf4 c6 {LiveBook: 4 Games} 10. Kc2 Bg7 {[%cal Bf8g7,Bg7e5,Be5f4][%mdl 32]} 11. Nd2 Be5 $146 ({Predecessor:} 11... Ne5 12. Nc4 Nxc4 13. Bxc4 Bd7 {1-0 (28) Svane,R (2560)-Thorfinnsson,B (2453) chess.com INT 2017}) 12. Be3 Nf6 13. f3 Nh5 14. Bc4 Bf4 15. Bf2 O-O 16. a4 Kh7 17. Rad1 f5 (17... b6 $14) 18. Rhe1 $16 {exf5 is the strong threat.} Bg3 19. Bxg3 Nxg3 20. Kc1 f4 {[#]} 21. Nb3 $1 g5 22. hxg5 hxg5 23. Rd2 g4 24. Nc5 Kg6 25. Red1 gxf3 26. gxf3 Rh8 27. a5 Kf6 28. Nd7+ Bxd7 (28... Kg5 {keeps fighting.} 29. Kb1 Rh7) 29. Rxd7 $18 Rh5 30. Rxb7 {Black must now prevent a6.} Rxa5 31. Rdd7 Rc5 32. b3 {[%cal Bb2b3,Bb3c4][%mdl 32]} a5 $2 (32... Re5 {was called for.} 33. Rbc7 (33. Rxa7 Rxa7 34. Rxa7 c5 $16) 33... c5 34. Rc6+ Kg5) 33. Rxe7 a4 $2 (33... Nh5 {is a better defense.} 34. Re6+ Kg5) 34. Re6+ {White is clearly winning.} Kg5 35. Rg7+ Kh5 {Black hopes to continue with ...axb3.} 36. Rd6 Rxc4 37. bxc4 {[%mdl 4096] Endgame KRR-KRN} a3 38. Kb1 a2+ 39. Ka1 Ra3 40. Rd2 {[%cal Rd2h2] [#]} Kh6 41. Rg4 Rxc3 42. Rh2+ Nh5 43. Rgh4 {Accuracy: White = 86%, Black = 39%.} 1-0

[Event "Yingmei CHN-chT 2018"]
[Site "Guangdong"]
[Date "2018.11.27"]
[Round "19"]
[White "Wang, Yue"]
[Black "Maghsoodloo, Parham"]
[Result "1/2-1/2"]
[WhiteElo "2681"]
[BlackElo "2689"]
[Annotator "TA"]
[PlyCount "60"]
[EventDate "2018.07.09"]
[EventType "team-tourn"]
[EventCountry "CHN"]
[SourceTitle "playchess.com"]
[Source "ChessBase"]
[SourceQuality "1"]

{[%evp 27,60,0,0,0,10,0,0,0,0,-10,0,0,0,-13,-5,-12,-7,0,-10,-12,0,0,0,-25,-24,-21,-19,-25,-25,-31,-22,-30,-19,-20,-12]} 1. Nf3 Nf6 2. c4 e6 3. g3 a6 4. Nc3 d5 5. d4 dxc4 6. Bg2 Nc6 7. O-O Rb8 8. e4 Be7 9. d5 Nb4 10. Ne5 {E04: Open Catalan: 5 Nf3} exd5 11. exd5 Bf5 12. a3 Nd3 13. Nxc4 Nxc1 14. Rxc1 O-O {LiveBook: 54 Games} 15. Re1 Ne8 {[#]} 16. Ne4 $146 ({Predecessor:} 16. Ne5 Nd6 17. Ne2 Bf6 18. Nd4 Re8 19. f4 g6 20. Qb3 {½-½ (20) Markus,R (2586)-Postny,E (2598) Zlatibor 2007}) 16... Bxe4 17. Bxe4 Nd6 18. Bd3 Nxc4 19. Rxc4 g6 20. Qf3 Bd6 21. h4 Qd7 22. Rce4 Rbe8 23. Kg2 Rxe4 24. Qxe4 Qd8 25. Qf3 Re8 26. Rxe8+ Qxe8 27. Qe4 Qxe4+ 28. Bxe4 h5 29. Kf3 Kg7 30. Ke2 Kf6 {Accuracy: White = 37%, Black = 64%.} 1/2-1/2

[Event "Yingmei CHN-chT 2018"]
[Site "Guangdong"]
[Date "2018.11.27"]
[Round "19"]
[White "Ni, Hua"]
[Black "Xu, Yinglun"]
[Result "1-0"]
[WhiteElo "2676"]
[BlackElo "2533"]
[Annotator "TA"]
[PlyCount "59"]
[EventDate "2018.07.09"]
[EventType "team-tourn"]
[EventCountry "CHN"]
[SourceTitle "playchess.com"]
[Source "ChessBase"]
[SourceQuality "1"]

{[%evp 19,59,38,38,34,27,21,11,13,43,60,68,70,68,65,81,79,79,81,96,95,96,106,102,76,100,86,101,112,104,102,132,132,133,142,135,127,171,168,187,194,237,181]} 1. d4 d5 2. c4 e6 3. Nf3 Nf6 4. g3 Bb4+ 5. Bd2 Be7 6. Bg2 O-O 7. O-O c6 8. Qb3 Nbd7 9. Rc1 {E11: Bogo-Indian} b6 10. cxd5 cxd5 {LiveBook: 5 Games} 11. Na3 {[%cal Bb1a3,Ba3b5,Bb5c3][%mdl 32] White is slightly better.} Ne8 $146 ({Predecessor:} 11... Bb7 12. Bb4 Bxb4 13. Qxb4 a6 14. e3 Rc8 15. Bf1 Rxc1 16. Rxc1 Qb8 {0-1 (42) Ivanchuk,V (2766)-Gelfand,B (2739) Wijk aan Zee 2012}) 12. Ne5 Nxe5 13. dxe5 Bb7 14. Nb5 Bc5 15. Bb4 a6 {[#] Hoping for ...Bxb4.} 16. Nc3 $36 {[%mdl 2048] Strongly threatening Bxc5. White is pushing.} Bxb4 17. Qxb4 a5 18. Qd4 Rb8 19. Rd1 f5 20. Rac1 Ba6 21. Rc2 Nc7 22. Rdc1 Nb5 23. Nxb5 Bxb5 24. e3 Qd7 25. h4 Rb7 {[#]} 26. Bf1 $1 Bxf1 27. Kxf1 Qb5+ 28. Kg2 {White is clearly better.} Rd8 29. Rc6 Kf7 30. a4 {Accuracy: White = 91%, Black = 41%.} 1-0

[Event "Yingmei CHN-chT 2018"]
[Site "Guangdong"]
[Date "2018.11.27"]
[Round "19"]
[White "Lu, Shanglei"]
[Black "Li, Chao B"]
[Result "1/2-1/2"]
[WhiteElo "2635"]
[BlackElo "2708"]
[Annotator "TA"]
[PlyCount "60"]
[EventDate "2018.07.09"]
[EventType "team-tourn"]
[EventCountry "CHN"]
[SourceTitle "playchess.com"]
[Source "ChessBase"]
[SourceQuality "1"]

{[%evp 33,60,14,13,10,15,16,16,16,14,6,6,12,12,0,0,0,0,0,4,5,6,0,6,6,7,0,12,3,4]} 1. e4 e6 2. d4 d5 3. exd5 exd5 4. Nf3 Bd6 5. Bd3 Nf6 6. O-O O-O 7. Bg5 Bg4 8. Nbd2 Nbd7 9. c3 c6 10. Qc2 Qc7 11. Bh4 Bh5 12. Rfe1 Rfe8 13. Bg3 Bg6 {C01: French: Exchange Variation} 14. Bxd6 Qxd6 15. Bxg6 hxg6 16. g3 Rxe1+ 17. Rxe1 Re8 {[#] LiveBook: 5 Games. The position is equal.} 18. Qb1 $146 ({Predecessor:} 18. Rxe8+ Nxe8 {1-0 (59) Narciso Dublan,M (2519)-Salgado Lopez,I (2614) Barcelona 2011}) 18... Kf8 19. Kf1 Rxe1+ 20. Qxe1 Qe7 21. Qxe7+ (21. h4 {is interesting.} Ne8 22. Qe2 f6 23. Ne1 Kf7 24. Qxe7+ Kxe7 25. Nc2) 21... Kxe7 $11 {[%mdl 4096] Endgame KNN-KNN} 22. Ng5 Ne8 23. h4 Nd6 24. Ke2 Nf8 25. Kd3 Ne6 26. Nxe6 Kxe6 27. Ke3 Nf5+ 28. Kf4 f6 29. Kf3 Kf7 30. Ke2 Ke6 {Accuracy: White = 43%, Black = 78%.} 1/2-1/2

[Event "Yingmei CHN-chT 2018"]
[Site "Guangdong"]
[Date "2018.11.27"]
[Round "19"]
[White "Ma, Qun"]
[Black "Cheparinov, Ivan"]
[Result "1/2-1/2"]
[WhiteElo "2619"]
[BlackElo "2715"]
[Annotator "TA"]
[PlyCount "60"]
[EventDate "2018.07.09"]
[EventType "team-tourn"]
[EventCountry "CHN"]
[SourceTitle "playchess.com"]
[Source "ChessBase"]
[SourceQuality "1"]

{[%evp 28,60,8,9,8,0,12,0,0,0,0,0,0,0,20,0,0,0,0,0,0,0,8,0,0,0,18,0,3,0,19,0,1,0,26]} 1. e4 e5 2. Nf3 Nc6 3. Bb5 Nf6 4. O-O Nxe4 5. Re1 Nd6 6. Nxe5 Be7 7. Bf1 Nxe5 8. Rxe5 O-O 9. d4 Bf6 10. Re1 Re8 {C67: Ruy Lopez: Berlin Defence: 4 0-0 Nxe4} 11. c3 Rxe1 12. Qxe1 Ne8 13. Bf4 (13. d5 c6 14. Nd2 cxd5 15. Nf3 d6 16. Be3 Nc7 17. Qd2 Bd7 18. g3 {½-½ (32) Giri,A (2780)-Caruana,F (2827) Batumi 2018}) 13... d5 14. Bd3 g6 15. Nd2 {LiveBook: 43 Games. The position is equal.} Ng7 16. Nf3 {[#]} c6 $146 ({Predecessor:} 16... Bf5 17. Bxf5 Nxf5 18. Qe2 {½-½ (34) Blomqvist,E (2499)-Hammer,J (2620) Stockholm 2018}) 17. Qe2 (17. Bh6 {is interesting.} Qc7 18. h3 Bd7 19. Qd2 Re8 20. Re1) 17... Bf5 18. Bxf5 Nxf5 19. Re1 Ng7 20. Be5 Ne6 21. Bxf6 Qxf6 22. Qe5 Qxe5 23. Nxe5 $11 {[%mdl 4096] Endgame KRN-KRN} Kg7 24. Kf1 Rd8 25. g3 Nc7 26. Nd3 Ne6 27. Ne5 Nc7 28. Nd3 {[#] Re7 is the strong threat.} Ne6 29. Ne5 Nc7 30. Nd3 {And now Re7 would win.} Ne6 {Accuracy: White = 37%, Black = 71%.} 1/2-1/2

[Event "Yingmei CHN-chT 2018"]
[Site "Guangdong"]
[Date "2018.11.27"]
[Round "19"]
[White "Zhao, Jun"]
[Black "Andreikin, Dmitry"]
[Result "1/2-1/2"]
[WhiteElo "2612"]
[BlackElo "2719"]
[Annotator "TA"]
[PlyCount "64"]
[EventDate "2018.07.09"]
[EventType "team-tourn"]
[EventCountry "CHN"]
[SourceTitle "playchess.com"]
[Source "ChessBase"]
[SourceQuality "1"]

{[%evp 9,64,13,14,10,24,0,12,-15,-10,-33,26,19,34,11,29,7,11,11,4,7,10,14,7,8,15,20,19,16,26,16,23,17,40,13,14,10,24,14,17,16,23,15,22,20,27,20,25,18,22,17,18,7,15,6,6,0,6]} 1. e4 e5 2. Nf3 Nc6 3. Bc4 Bc5 4. O-O Nf6 5. d3 O-O 6. Re1 $146 {C50: Hungarian Defence and Giuoco Pianissimo} ({Predecessor:} 6. c3 d6 7. Nbd2 a5 8. Re1 Ng4 9. Re2 Kh8 10. h3 Nh6 11. Nf1 f5 12. Bg5 Qe8 13. d4 Bb6 14. exf5 Nxf5 15. dxe5 Nxe5 16. Nxe5 dxe5 {0-1 (40) Lu,S (2638)-Ding,L (2781) Danzhou 2017}) 6... Ng4 7. Rf1 Na5 8. h3 Nxc4 9. hxg4 Nb6 (9... Na5 $1 $15) 10. Nxe5 $11 d5 11. d4 Bd6 12. Nc3 dxe4 13. Nxe4 Bxe5 14. dxe5 Qxd1 $1 15. Rxd1 Bxg4 16. Rd4 {Threatening Nf6+!} Nd7 17. Nf6+ Nxf6 18. exf6 Bf5 19. fxg7 Rfd8 20. Be3 Kxg7 21. Rad1 Rxd4 22. Rxd4 {[%mdl 4096] Endgame KRB-KRB} f6 23. c3 Be6 24. a3 a6 25. Bf4 c6 26. f3 Kf7 27. Kf2 Re8 28. Be3 h5 {The position is equal.} 29. Rh4 Kg6 30. Re4 Bf7 31. Rxe8 Bxe8 32. Bd4 Kf5 {Accuracy: White = 49%, Black = 48%.} 1/2-1/2

[Event "Yingmei CHN-chT 2018"]
[Site "Guangdong"]
[Date "2018.11.27"]
[Round "19"]
[White "Xu, Xiangyu"]
[Black "Inarkiev, Ernesto"]
[Result "1/2-1/2"]
[WhiteElo "2577"]
[BlackElo "2691"]
[Annotator "TA"]
[PlyCount "39"]
[EventDate "2018.07.09"]
[EventType "team-tourn"]
[EventCountry "CHN"]
[SourceTitle "playchess.com"]
[Source "ChessBase"]
[SourceQuality "1"]

{[%evp 13,39,9,9,0,7,0,0,0,0,0,0,0,0,0,20,23,18,12,39,0,0,0,31,0,0,-21,21,0]} 1. d4 Nf6 2. c4 e6 3. Nc3 Bb4 4. Qc2 O-O 5. e4 {[%cal Be2e4,Be4e5][%mdl 32]} d5 6. e5 Ne4 7. Bd3 c5 8. Nf3 {E32: Nimzo-Indian: Classical (4 Qc2): 4...0-0} cxd4 9. Nxd4 Nd7 10. Bf4 Qh4 11. g3 Qh3 (11... Qh5 12. h4 Nxe5 13. Be2 Ng4 14. Bxg4 Qxg4 15. f3 Qh5 {1-0 (36) Vallejo Pons,F (2707)-So,W (2780) Leon 2018}) 12. cxd5 exd5 13. f3 Bxc3+ 14. bxc3 Nec5 15. Bf5 Qh5 16. Bg4 Qg6 17. Bf5 {[#]} Qh5 $146 18. Bg4 (18. O-O-O $14 Nb6 19. h4 Bxf5 20. Qxf5 Qxf5 21. Nxf5) 18... Qg6 $11 19. Bf5 Qh5 20. Bg4 1/2-1/2

[Event "Yingmei CHN-chT 2018"]
[Site "Guangdong"]
[Date "2018.11.27"]
[Round "19"]
[White "Bai, Jinshi"]
[Black "Zhou, Jianchao"]
[Result "1/2-1/2"]
[WhiteElo "2566"]
[BlackElo "2625"]
[Annotator "TA"]
[PlyCount "46"]
[EventDate "2018.07.09"]
[EventType "team-tourn"]
[EventCountry "CHN"]
[SourceTitle "playchess.com"]
[Source "ChessBase"]
[SourceQuality "1"]

{[%evp 24,46,53,49,67,27,96,96,105,45,27,25,44,0,0,0,0,0,0,0,0,0,0,0,0]} 1. d4 d5 2. c4 e6 3. Nf3 c6 4. b3 Nf6 5. e3 b6 6. Bd3 Bb7 7. O-O Be7 8. Bb2 O-O 9. Nc3 c5 10. cxd5 exd5 11. Rc1 Nbd7 12. Qe2 Re8 13. Rfd1 {[#] LiveBook: 8 Games. D46: Semi-Slav: 5 e3 Nbd7 6 Bd3, Black avoids the Meran} g6 $146 ({Predecessor:} 13... Bd6 14. dxc5 bxc5 15. Ba6 Bxa6 16. Qxa6 Ne5 17. Qe2 d4 18. Nb5 Nxf3+ 19. Qxf3 Bxh2+ 20. Kxh2 {½-½ (60) Javakhishvili,L (2461)-Harika,D (2543) Khanty-Mansiysk 2016}) 14. Na4 Bf8 (14... a6 $11) 15. dxc5 $16 {White is better.} bxc5 16. Ba6 (16. Bb5 $16 d4 17. b4 cxb4 18. Nxd4 (18. Bxd4 Qa5 $16)) 16... Bxa6 $14 17. Qxa6 Re6 18. Qb7 Rb8 {The position is equal.} 19. Qxa7 {[#] Ng5 is the strong threat.} Ra8 20. Qb7 Rb8 21. Qa7 {Black must now prevent Ng5.} Ra8 22. Qb7 Rb8 23. Qa7 {[#] Strongly threatening Ng5.} Ra8 1/2-1/2

[Event "Yingmei CHN-chT 2018"]
[Site "Guangdong"]
[Date "2018.11.27"]
[Round "19"]
[White "Xu, Yi"]
[Black "Li, Shilong"]
[Result "0-1"]
[WhiteElo "2536"]
[BlackElo "2490"]
[Annotator "TA"]
[PlyCount "68"]
[EventDate "2018.07.09"]
[EventType "team-tourn"]
[EventCountry "CHN"]
[SourceTitle "playchess.com"]
[Source "ChessBase"]
[SourceQuality "1"]

{[%evp 22,68,42,47,48,38,48,53,23,33,52,0,0,0,0,0,22,0,0,0,30,0,0,0,0,-270,-262,-525,-510,-567,-568,-537,-547,-566,-565,-554,-546,-545,-408,-1019,-1011,-902,-891,-29995,-29992,-29997,-29995,-29998,-29999]} 1. e4 c5 2. Nf3 e6 3. d4 cxd4 4. Nxd4 Nf6 5. Nc3 Nc6 6. Nxc6 bxc6 7. e5 Nd5 8. Ne4 Qc7 9. f4 Qb6 10. c4 Bb4+ 11. Ke2 f5 12. exf6 Nxf6 {B45: Sicilian Four Knights} 13. Be3 Qd8 14. Nd6+ Bxd6 {White is slightly better.} 15. Qxd6 Bb7 (15... Qe7 16. Bc5 Qf7 17. Ke3 g5 18. Be2 g4 19. Rac1 h5 20. Rc3 Qg7 21. Bd3 Kf7 22. Kd2 Re8 23. Re1 Qh6 24. Kc2 a5 25. Re5 Nh7 26. Rf5+ Kg8 27. Qe5 {1-0 (27) Vidit,S (2718)-Krasenkow,M (2671) Wijk aan Zee 2018}) 16. Rg1 Ne4 17. Qe5 c5 18. Qxg7 Qh4 $1 19. g3 (19. Qxh8+ Kf7 $15) 19... Qxh2+ 20. Rg2 Qh1 $146 {White must now prevent ...0-0-0.} 21. Rg1 (21. Qxh8+ $2 {too greedy.} Kf7 $19) (21. Bxc5 $5 Nxc5 22. Qxh8+ Kf7 23. Qd4 Bxg2 24. Qxc5 $11) 21... Qh5+ 22. g4 Qh2+ 23. Bg2 $2 {[%mdl 8192]} (23. Rg2 $11 Ng3+ 24. Ke1 Bxg2 25. Bxg2) 23... O-O-O $19 24. Qe5 $2 (24. Kd3 {is the only way for White.} d5 25. Rae1 (25. cxd5 exd5 26. Rac1 d4 $19)) 24... d6 {[%cal Bd7d6,Bd6d5][%mdl 32]} 25. Qxe6+ Kb8 26. Kd3 Rhe8 27. Qf7 {With the idea Rae1.} d5 {...Nd6 is the strong threat.} 28. Rae1 Nd6 29. Qh5 Qg3 30. Qh3 {[#]} (30. Be4 $142 dxc4+ 31. Kc2 Bxe4+ 32. Kc1) 30... Rxe3+ $1 {[%mdl 576] Decoy} 31. Rxe3 {[#]} Qf2 $1 32. Rge1 Qxb2 {[%csl Gd6][%cal Rd5c4] Black mates.} 33. Re5 dxc4+ 34. Ke3 {[#]} Nf5+ $1 {[%mdl 512] Accuracy: White = 27%, Black = 88%.} 0-1